Catálogo

DESARROLLO DE HABILIDADES DEL PENSAMIENTO : (Registro nro. 17117)

Detalles MARC
000 -LEADER
fixed length control field 00517nam a2200169 a 4500
001 - CONTROL NUMBER
control field 17117
005 - DATE AND TIME OF LATEST TRANSACTION
control field 20180713210219.0
008 - FIXED-LENGTH DATA ELEMENTS--GENERAL INFORMATION
fixed length control field 140415s1996 000 0 spa d
020 ## - INTERNATIONAL STANDARD BOOK NUMBER
International Standard Book Number 9682445132
041 ## - LANGUAGE CODE
Language code of text/sound track or separate title spa
082 ## - DEWEY DECIMAL CLASSIFICATION NUMBER
Classification number 153
Item number SAN
100 1# - MAIN ENTRY--PERSONAL NAME
Personal name SANCHEZ, MARGARITA A. DE
245 10 - TITLE STATEMENT
Title DESARROLLO DE HABILIDADES DEL PENSAMIENTO :
Remainder of title PROCESOS DIRECTIVOS, EJECUTIVOS Y DE ADQUISICION DE CO...
260 ## - PUBLICATION, DISTRIBUTION, ETC.
Place of publication, distribution, etc. [s.l.] :
Name of publisher, distributor, etc. TRILLAS,
Date of publication, distribution, etc. 1996
300 ## - PHYSICAL DESCRIPTION
Extent 430
650 14 - SUBJECT ADDED ENTRY--TOPICAL TERM
Topical term or geographic name entry element COGNICION
General subdivision HABILIDADES CREATIVA
Existencias
Withdrawn status Lost status Source of classification or shelving scheme Damaged status Not for loan Collection code Home library Current library Shelving location Date acquired Source of acquisition Inventory number Total Checkouts Full call number Barcode Date last seen Date last checked out Price effective from Koha item type
    Dewey Decimal Classification     General Biblioteca Karol Wojtyla Biblioteca Karol Wojtyla Sala general 03/12/2013 Compra 151000000000000000061598 1 153 SAN 35718 05/01/2026 05/03/2019 03/12/2013 Libro
    Dewey Decimal Classification     General Biblioteca Karol Wojtyla Biblioteca Karol Wojtyla Sala general 03/12/2013 Compra 151000000000000000061599   153 SAN 35252 05/01/2026 21/11/2015 03/12/2013 Libro